| 000 | 01593nam0a2200397 4500 | ||
|---|---|---|---|
| 001 | RU\NLR\BIBL_A\011121788 | ||
| 005 | 20260405192551.0 | ||
| 010 |
_a978-5-17-085461-5 _92000 |
||
| 021 |
_aRU _b2016-32505 _92089 |
||
| 035 | _a(NILC)RuMoRGB-008460402 | ||
| 035 | _a(NLR Aleph) 011121788 | ||
| 090 |
_a11525930 _c11525930 |
||
| 100 | _a20160512d2016 |||y0rusy50 ca | ||
| 101 | 1 |
_arus _ceng |
|
| 102 | _aRU | ||
| 105 | _ay|||z||||00yy | ||
| 200 | 1 |
_aФокус _dFocus _eо внимании, рассеянности и жизненном успехе _fДэниел Гоулман _gпер. с англ. Марии Молчан _zeng |
|
| 210 |
_aМосква _cCORPUS _cАСТ _d2016 |
||
| 215 |
_a378, [1] с. _d22 |
||
| 225 | 1 |
_aПсихология _dPsychologies |
|
| 300 | _aАвт. также на англ. яз.: Daniel Goleman | ||
| 309 | _aНа корешке: 350 | ||
| 320 | _aБиблиогр. в примеч.: с. 321-360 | ||
| 510 | 1 |
_6z48790 _aFocus _zeng |
|
| 517 | 1 | _aО внимании, рассеянности и жизненном успехе | |
| 606 | 1 |
_aУспех _xСоциально-психологические исследования _92074287 _3RU\NLR\AUTH\661249276 |
|
| 675 | _a159.9 | ||
| 686 | 1 | _aС550.354 | |
| 686 | 1 | _aС550.373 | |
| 700 | 1 |
_8rus _7ca _aГоулман _bД. _f1946- _gДэниел _3RU\NLR\AUTH\7784447 _967375 |
|
| 790 | 1 |
_4340 _8eng _7ba _aGoleman _bD. _f1946- _gDaniel _3RU\NLR\AUTH\7784452 _967380 |
|
| 801 | 0 |
_aRU _bРГБ _c20160418 _gRCR |
|
| 942 | _cBOOK | ||
| 980 | _aNB | ||